000
00314nam a22001337a 4500
008
180316b xxu||||| |||| 00| 0 eng d
020
_a
9780321501073
041
_a
eng
080
_2
8th
_a
51
100
_a
37
101
_a
MAT
245
_a
A survey of mathematics with applications
_c
Angel,A.R
942
_2
udc
_c
BK
999
_c
45245
_d
45245